000 00773nam a2200277 a 4500
001 vtls001192670
003 NLI
005 20210603151050.0
008 120328s1945 ii c 001 0 eng d
020 _cRs.4.80
039 9 _y201203281644
_zVLOAD
040 _a NLI
_b eng
_c Entertech IMP - 2012
_e AACR2
041 0 _aeng
044 _aii
084 _a169.D.1065
100 1 _aSen, Ela,
_d1899-
_9187997
245 1 0 _aGandhi, a biographical study /
_cby Ela Sen
260 _aCalcutta :
_bSusil Gupta ,
_c1945
300 _a187 p. :
_bport. ;
_c17 cm.
600 1 0 _aGandhi,
_cMahatma,
_d1869-1948
_93896
887 _a
901 _aIMP110669 :
_b16.12.2010
902 _a169.D.1065
942 _2ddc
_cBKS
949 _AVIRTUAITEM
_D10000
_X100
_6IMP000110669ENG
999 _c463549
_d463549